000 00666nam a2200217 a 4500
008
020 _a8123908679 (pbk.)
049 _aMAIN
090 _aHD69
_bKER
100 1 _aKerzner, Harold.
245 1 0 _aProject management :
_ba systems approach to planning, scheduling, and controlling /
_cHarold Kerzner.
260 _aNew Dehli :
_bC.B.S.,
_c1987.
300 _axvi, 937 p. :
_bill. ;
_c24 cm.
504 _aIncludes bibliographical references.
650 0 _aProject management.
907 _a.b10153536
_b14-02-12
_c23-02-05
003
005 20230123133929.0
040 _cNUST
942 _cBOOKS
_kHD69
_mKER
999 _c157075
_d157075